| Tag |
First Indicator |
Second Indicator |
Subfields |
| LEADER |
00000cam a22000007a 4500 |
| 001 |
in00000005205 |
| 005 |
20150924084559.0 |
| 007 |
he bmb024bbca |
| 008 |
990714s1998 ncuab bb f101 0 eng d |
| 035 |
|
|
|a (OCoLC)41873305
|
| 035 |
|
|
|9 AJJ1631AM
|
| 040 |
|
|
|a GPO
|c GPO
|d DLC
|d MvI
|d UtOrBLW
|
| 043 |
|
|
|a n-usu--
|
| 049 |
|
|
|a UMIC
|a WWW
|
| 074 |
|
|
|a 0083-B-06 (MF)
|
| 074 |
|
|
|a 0083-B-06 (online)
|
| 086 |
0 |
|
|a A 13.88:SRS-20
|z A 13.80:SRS-20
|
| 111 |
2 |
|
|a Biennial Southern Silvicultural Research Conference
|n (9th :
|d 1997 :
|c Clemson, S.C.)
|
| 245 |
1 |
0 |
|a Proceedings of the Ninth Biennial Southern Silvicultural Research Conference :
|b Clemson, South Carolina, February 25-27, 1997 /
|c edited by Thomas A. Waldrop ; hosted by Clemson University, USDA Forest Service, Southern Research Station ; sponsored by Alabama A&M University [and others].
|
| 264 |
|
1 |
|a Asheville, N.C. :
|b USDA Forest Service, Southern Research Station,
|c [1998]
|
| 300 |
|
|
|a viii, 628 pages :
|b illustrations, maps ;
|c 28 cm.
|
| 336 |
|
|
|a text
|b txt
|2 rdacontent
|
| 337 |
|
|
|a microform
|b h
|2 rdamedia
|
| 338 |
|
|
|a microfiche
|b he
|2 rdacarrier
|
| 490 |
1 |
|
|a General technical report SRS ;
|v 20
|
| 500 |
|
|
|a "June 1998."
|
| 500 |
|
|
|a Shipping list number: 99-0651-M.
|
| 504 |
|
|
|a Includes bibliographical references and author index.
|
| 533 |
|
|
|a Microfiche.
|b [Washington, D.C.] :
|c Supt. of Docs., U.S. G.P.O.,
|d 1999
|e 7 microfiches : negative.
|
| 500 |
|
|
|a Microform.
|
| 650 |
|
0 |
|a Forests and forestry
|x Research
|z Southern States
|v Congresses.
|
| 700 |
1 |
|
|a Waldrop, Thomas A.
|
| 710 |
2 |
|
|a Clemson University.
|
| 710 |
1 |
|
|a United States.
|b Forest Service.
|b Southern Research Station.
|
| 710 |
2 |
|
|a Alabama A & M University.
|
| 710 |
1 |
|
|a United States.
|b Forest Service.
|
| 830 |
|
0 |
|a General technical report SRS ;
|v 20.
|
| 999 |
|
|
|a MARS
|
| 999 |
f |
f |
|s 51c791e4-8890-330c-b73c-6b86e8b38d4a
|i 83d36c42-ccd2-37cd-bdfe-4a812e153c41
|t 0
|
| 952 |
f |
f |
|p normal
|a Texas A&M University
|b College Station
|c Sterling C. Evans Library
|d Evans: US Documents Microfiche (3rd floor)
|t 0
|e A 13.88:SRS-20
|h Superintendent of Documents classification
|i microform -- microfiche
|m A14824501910
|
| 952 |
f |
f |
|p normal
|a Texas A&M University
|b College Station
|c Sterling C. Evans Library
|d Evans: US Documents (Annex 5th floor)
|t 0
|e A 13.88:SRS-20
|h Superintendent of Documents classification
|i microform -- microfiche
|m A14829078750
|
| 998 |
f |
f |
|a A 13.88:SRS-20
|t 0
|l Evans: US Documents (Annex 5th floor)
|
| 998 |
f |
f |
|a A 13.88:SRS-20
|t 0
|l Evans: US Documents Microfiche (3rd floor)
|